000
00207 a2200097 4500
001
26206
100
_a
Andrews M
245
_a
Life that lives on man
260
_a
_b
Faber & Faber
_c
090
_c
17684
_d
17684
942
_a
NUST-CAE
_c
M
_c
8540
999
_c
261279
_d
261279